000 01216nam0a22002651 4500
001 rc\4554311
005 20260220114846.0
021 _aRU
_bРг923-59
035 _a(NLR Aleph) 008365651
090 _a9026086
_c9026086
100 _a20130416d1958 |||y0rusy50 ca
101 0 _arus
102 _aRU
105 _ay c |||||
200 1 _aМетодические указания к практическим занятиям по оперативной хирургии для лечебного и педиатрического факультетов
_fСост. зав. кафедрой, д-ром мед. наук Лавровой, Т.Ф.
_gВоронежск. гос. мед. ин-т. Кафедра оперативной хирургии и топогр. анатомии
210 _aВоронеж
_cБ. и.
_d1958
215 _a61 с.
_d20
700 1 _aЛаврова
_bТ. Ф.
_f1913-
_gТатьяна Федоровна
_4220
712 0 2 _aВоронежский государственный медицинский институт
_3RU\NLR\AUTH\880639139
_4570
801 0 _aRU
_bNLR
_gpsbo
801 1 _aRU
_bELAR
_2rusmarc
852 _aNLR
_j59-4/2891
942 _cBOOK
980 _aNB